Fuzzy logic for embedded systems applications
Gespeichert in:
| 1. Verfasser: | |
|---|---|
| Format: | Buch |
| Sprache: | Undetermined |
| Veröffentlicht: |
United States
Elsevier science
2004
|
| Schlagworte: | |
| Tags: |
Tag hinzufügen
Keine Tags, Fügen Sie den ersten Tag hinzu!
|
| Thư viện lưu trữ: | Trung tâm Học liệu Trường Đại học Cần Thơ |
|---|
| LEADER | 00609nam a2200205Ia 4500 | ||
|---|---|---|---|
| 001 | CTU_74674 | ||
| 008 | 210402s9999 xx 000 0 und d | ||
| 020 | |b 789000 | ||
| 082 | |a 004.16 21 | ||
| 082 | |b I.14 | ||
| 100 | |a Ibrahim, Ahmad M. | ||
| 245 | 0 | |a Fuzzy logic for embedded systems applications | |
| 245 | 0 | |c Ahmad M. Ibrahim | |
| 260 | |a United States | ||
| 260 | |b Elsevier science | ||
| 260 | |c 2004 | ||
| 650 | |a Embedded computer systems design and construction.,Fuzzy logic | ||
| 650 | |x Design and construction. | ||
| 904 | |i Năm | ||
| 980 | |a Trung tâm Học liệu Trường Đại học Cần Thơ | ||